00683cam a22001451 4500082001500000100001900015245021000034260005000244300005300294490005800347500004400405526003700449650000800486650004300494 a940.4bCAM1 aMoberly, F. J.14aThe campaign in Mesopotamia 1914-1918,ccompiled, at the request of the government of India, under the direction of the Historical Section of the Committee of Imperial Defence, by Brig.-Gen. F. J. Moberly. aLondon,bH. M. Stationery office,c1923-1927. a4 v.bfronts., plates, maps (part fold.)c23 cm.0 aHistory of the great war based on official documents. aPart of the folded maps are in pockets. a0b0c0d940_400000000000000_CAM 0aMCE 0aWorld War, 1914-1918xCampaignszIraq.